| 000 | 01043cab a2200253 4500 | ||
|---|---|---|---|
| 001 | ABS59308 | ||
| 008 | 090401t1998 xxu||||| |||| 00| 0 eng d | ||
| 035 | _a(Sirsi) u88461 | ||
| 041 | _aeng | ||
| 100 | _aHoney, R. | ||
| 245 | _aMeeting the market`s need for information | ||
| 260 | _c1998 | ||
| 350 | _a0 | ||
| 490 |
_aCSM _bChartered Surveyor Monthly _v8(1) September 1998, 34(1) |
||
| 520 | _aReports on the pilot National Land Information Service which was launched in July 1998 just as the results of an RICS survey illustrated the value of information to the property industry. The NLIS is an Internet-based system which delivers land and property information from a range of sources including Ordnance Survey and the Valuation Office. | ||
| 650 | _aNATIONAL LAND INFORMATION SERVICE | ||
| 650 | _aORDNANCE SURVEY | ||
| 650 | _aPROPERTY INDUSTRY | ||
| 650 | _aPROPERTY INFORMATION | ||
| 650 | _aVALUATION OFFICE | ||
| 690 | _aMANAGEMENT-BUSINESS MANAGEMENT-INFORMATION MANAGEMENT | ||
| 942 | _n0 | ||
| 948 | _c14/09/1998 | ||
| 999 |
_c55883 _d55883 |
||